Most Expensive Real Madrid Transfers - Statistics

General Stats
  • This quiz has been taken 255 times
  • The average score is 19 of 25
Answer Stats
No. Club Year Fee (million €) Answer % Correct
4 Manchester United 2009 94 Cristiano Ronaldo
99%
3 Tottenham 2013 101 Gareth Bale
96%
15 Inter Milan 2002 45 Ronaldo
96%
2 Dortmund 2023 103 Jude Bellingham
95%
1 Chelsea 2019 115 Eden Hazard
94%
10 Barcelona 2000 60 Luis Figo
91%
20 Tottenham 2012 35 Luka Modric
84%
14 Flamengo 2018 45 Vinicius
84%
6 Juventus 2001 77.5 Zinedine Zidane
84%
13 Santos 2019 45 Rodrygo
83%
8 AC Milan 2009 67 Kaka
82%
21 Lyon 2009 35 Karim Benzema
81%
5 Monaco 2022 80 Aurelian Tchouameni
77%
18 Manchester United 2003 37.5 David Beckham
72%
17 Palmeiras 2024 37.5 Endrick
72%
7 Monaco 2014 75 James Rodriguez
70%
19 Chelsea 2018 35 Thibaut Courtois
70%
12 Lyon 2019 48 Ferland Mendy
69%
9 Eintracht Frankfurt 2019 63 Luka Jovic
69%
11 Porto 2019 50 Eder Militao
68%
24 Liverpool 2009 34.5 Xabi Alonso
60%
25 Benfica 2010 33 Angel Di Maria
53%
16 Inter Milan 2015 38 Mateo Kovacic
44%
22 Chelsea 2007 35 Arjen Robben
40%
23 Arsenal 1999 35 Nicolas Anelka
39%
No matching quizzes found
Score Distribution
Percent of People with Each Score
Percentile by Number Answered
Your Score History
You have not taken this quiz